000 02118nam a2200301 a 4500
001 000006779
005 20251120073731.0
008 090902s1993 dr d 000 0 spa d
040 _aDO-SdBNP
_bspa
_cBNPHU
082 _a467.973
_bP933f
111 1 _aSeminario Internacional
_cSanto Domingo, República Dominicana
_n(1992 octubre. 1-3)
_918848
245 1 0 _aPresente y futuro del español en los Estados Unidos /
_cedición Carmen Pérez de Cabral : introducción Ricardo Miniño Gómez.
260 _aSantiago de los Caballeros, República Dominicana :
_bPUCMM,
_c1993.
300 _a184 p. :
_bgráf. ;
_c23 cm.
490 1 _aDocumento / Pontificia Universidad Católica Madre y Maestra
_vNo. 168
500 _aIncluye notas al pie de las páginas
500 _aExpositores /Manuel Alvar, Luis Guarnizo, Rafael Emilio Yunén, Orlando Alba, Amparo Morales, Humberto López Morales, Mario Paredes, Jerry Scott, Virgilio Alcántara, Fhilippe Rossillon
504 _aIncluye bibliografía (p. 85 - 86)
505 2 _aIntroducción/Ricardo Miniño Gómez -- Palabras de apertura / Mons. Agripino Núñez Collado -- El Español de los Estados Unidos:diacronía y sincronía/Manuel Alvar -- Perfil sociodemográfico de la población latina de los Estados Unidos/Luis Eduardo Guarnizo -- Las migraciones contemporáneas de Hispanohablantes hacia los Estados Unidos/Rafael Emilio Yunén -- Dialectogía del Español en los Estados Unidos/Orlando Alba -- El Español en la Pastoral Católica en los Estados Unidos/Mario Paredes -- La imagen del Latino en el cine norteamericano/Jerry Scott -- Los medios de comunicación social en Español en los Estados Unidos/Virgilio Alcántara.
650 4 _aEspañol en estados unidos
_918849
650 4 _aAmericanismos
_918850
700 1 _aMiniño Gómez, Ricardo
_918851
710 2 _aUnión Latina
_918852
710 2 _aCentro Cultural Hispánico (Santo Domingo, República Dominicana)
_918853
710 2 _aPontificia Universidad Católica Madre y Maestra
_9843
830 0 _aDocumentos / Pontificia Universidad Católica Madre y Maestra
_vNo. 168
_918854
049 _aBNPD
999 _c6567
_d6567